000 00689nam a2200241Ia 4500
003 OSt
005 20220925214750.0
006 a|||||r|||| 00| 0
007 ta
008 220923b |||||||| |||| 00| 0 eng d
020 _a004350050 1
037 _cGeneral Book
040 _aRTL
_cRTL
_beng
041 _2eng
_aeng
082 _aV3jM95, L6
100 _aGriffith J A G Ed.
_9281102
245 0 _aFrom policy to administration
_b Essays in honour of
260 _aLondon
_bGeorge Allan and Unwin
_c1976
300 _a216p
_ccm.
650 _aGreat Britain History
_91540
942 _hV3jM95, L6
_cGB
_2CC
999 _c566550
_d566550